Methods of plant breeding (Record no. 179)
[ view plain ]
| 000 -LEADER | |
|---|---|
| fixed length control field | 00554cam a22001691 4500 |
| 050 00 - CALL NUMBER | |
| Classification number | SB123 |
| Item number | .H11 |
| 100 1# - AUTHOR | |
| Personal name | Hayes, Herbert Kendall, |
| 245 10 - TITLE | |
| Title | Methods of plant breeding |
| Statement of responsibility, etc | [by] Herbert Kendall Hayes, Forrest Rhinehart Immer [and] David Clyde Smith. |
| 250 ## - EDITION | |
| Edition statement | 2d ed. |
| 260 ## - PUBLICATION INFORMATION | |
| Place of publication | New York, |
| Name of publisher | McGraw-Hill, |
| Year of publication | 1955. |
| 300 ## - DESCRIPTION | |
| Number of Pages | 551 p. |
| Other physical details | illus. |
| Dimensions | 24 cm. |
| 440 #0 - SERIES | |
| SERIES | McGraw-Hill publications in the agricultural sciences |
| 500 ## - NOTES | |
| General note | INCLUDES BIBLIOGRAPHIC REFERENCE AND INDEX |
| 650 #0 - SUBJECTS | |
| Topical Term | Plant breeding. |
| 650 #0 - SUBJECTS | |
| Topical Term | Genetics. |
| 942 ## - ADDED ENTRY ELEMENTS (KOHA) | |
| Koha item type | Books |
| Withdrawn status | Lost status | Home library | Current library | Date acquired | Full call number | Accession Number | Koha item type |
|---|---|---|---|---|---|---|---|
| Methodist University Library Wenchi Faculty | Methodist University Library Wenchi Faculty | 13/10/2017 | SB123 .H11 | 21604 | Books |